000
00307nam a22001457a 4500
003
SGT
082
_a
340,NAR
100
_a
NARAYANAS,P.S
245
_a
THE TRADE UNIONS ACT, 1926
250
_a
4TH
260
_a
HYDERABAD
_b
ASIA LAW HOUSE
_c
2009
300
_a
600
650
_a
LAW BOOKS
942
_2
ddc
_c
BK
999
_c
10145
_d
10145